000
00330nam a2200133 4500
999
_c
510528
_d
510528
008
190822b ||||| |||| 00| 0 eng d
100
_a
Ghosal, Jayanta Kumar
_9
8699
245
_a
Tagore and Gandhi
260
_c
2019
300
_a
p.31-32.
773
_a
Mainstream
906
_a
Gandhi, Mohan Das Karamchand
942
_2
ddc
_c
AR